| 000 | 00976nac a22003131u 4500 | ||
|---|---|---|---|
| 003 | EG-ScBUE | ||
| 005 | 20220707103455.0 | ||
| 008 | 130108r20081998enk f 000 0 eng d | ||
| 020 | _a0194228096 (pbk.) | ||
| 020 | _a9780194228091 | ||
| 040 |
_aEG-ScBUE _beng _erda _cEG-ScBUE _dEG-ScBUE |
||
| 043 |
_ae-au--- _au-nz--- |
||
| 082 | 0 | 4 |
_a428.62 _bLIN _222 |
| 100 | 1 |
_aLindop, Christine, _eauthor. _931806 |
|
| 245 | 1 | 0 |
_aAustralia and New Zealand / _cChristine Lindop. |
| 250 | _aReprinted edition. | ||
| 264 | 1 |
_aOxford ; _aNew York : _bOxford University Press, _c2008. |
|
| 300 |
_a30 pages ; _c21 cm. |
||
| 336 |
_2rdacontent _atext _btxt |
||
| 337 |
_2rdamedia _aunmediated _bn |
||
| 338 |
_2rdacarrier _avolume _bnc |
||
| 490 | 0 | _aFact files | |
| 490 | 0 |
_aOxford book worms ; _v3 |
|
| 650 | 7 |
_aEnglish language _xReading comprehension. _931808 _2BUEsh |
|
| 650 | 7 |
_aReaders. _2BUEsh |
|
| 653 | _bHHUUEENN | ||
| 655 |
_vReading book _934232 |
||
| 942 |
_cBB _2ddc |
||
| 999 |
_c2263 _d2263 |
||